<?xml version="1.0" encoding="UTF-8"?>
<record
    xmlns:xsi="http://www.w3.org/2001/XMLSchema-instance"
    xsi:schemaLocation="http://www.loc.gov/MARC21/slim http://www.loc.gov/standards/marcxml/schema/MARC21slim.xsd"
    xmlns="http://www.loc.gov/MARC21/slim">

  <leader>00655nam a22002057a 4500</leader>
  <controlfield tag="003">NUST - PNEC</controlfield>
  <controlfield tag="005">20170116181159.0</controlfield>
  <controlfield tag="008">160204b        xxu||||| |||| 00| 0 eng d</controlfield>
  <datafield tag="020" ind1=" " ind2=" ">
    <subfield code="a">9781119032946</subfield>
  </datafield>
  <datafield tag="040" ind1=" " ind2=" ">
    <subfield code="c">LIBRARY</subfield>
  </datafield>
  <datafield tag="082" ind1=" " ind2=" ">
    <subfield code="a">629.2 BOS</subfield>
  </datafield>
  <datafield tag="100" ind1=" " ind2=" ">
    <subfield code="9">16262</subfield>
    <subfield code="a">Bosch Robert</subfield>
  </datafield>
  <datafield tag="245" ind1=" " ind2=" ">
    <subfield code="a">Automotive handbook</subfield>
    <subfield code="c">Robert Bosch</subfield>
  </datafield>
  <datafield tag="250" ind1=" " ind2=" ">
    <subfield code="a">9th ed.</subfield>
  </datafield>
  <datafield tag="260" ind1=" " ind2=" ">
    <subfield code="a">England</subfield>
    <subfield code="b">John Wiley &amp; Sons</subfield>
    <subfield code="c">c.2014</subfield>
  </datafield>
  <datafield tag="300" ind1=" " ind2=" ">
    <subfield code="a">1544 pages.</subfield>
  </datafield>
  <datafield tag="650" ind1=" " ind2=" ">
    <subfield code="9">16263</subfield>
    <subfield code="a">Motor vehicles</subfield>
    <subfield code="x">ME, IME</subfield>
  </datafield>
  <datafield tag="856" ind1=" " ind2=" ">
    <subfield code="u">http://www.amazon.com/Automotive-Handbook-Robert-Bosch-GmbH/dp/1119032946/ref=sr_1_1?ie=UTF8&amp;qid=1454567180&amp;sr=8-1&amp;keywords=9781119032946</subfield>
  </datafield>
  <datafield tag="942" ind1=" " ind2=" ">
    <subfield code="2">ddc</subfield>
    <subfield code="c">BK</subfield>
  </datafield>
  <datafield tag="999" ind1=" " ind2=" ">
    <subfield code="c">71386</subfield>
    <subfield code="d">71386</subfield>
  </datafield>
  <datafield tag="952" ind1=" " ind2=" ">
    <subfield code="0">0</subfield>
    <subfield code="1">0</subfield>
    <subfield code="2">ddc</subfield>
    <subfield code="3">hardbound</subfield>
    <subfield code="4">0</subfield>
    <subfield code="7">0</subfield>
    <subfield code="a">PNEC</subfield>
    <subfield code="b">PNEC</subfield>
    <subfield code="c">WING-B</subfield>
    <subfield code="d">2015-12-06</subfield>
    <subfield code="e">Global Link Information Services / Ref Grant</subfield>
    <subfield code="g">7898.88</subfield>
    <subfield code="l">0</subfield>
    <subfield code="o">629.2 BOS</subfield>
    <subfield code="p">PNECLIB-032635</subfield>
    <subfield code="r">2016-02-04</subfield>
    <subfield code="v">7898.88</subfield>
    <subfield code="w">2015-12-06</subfield>
    <subfield code="y">BK</subfield>
  </datafield>
</record>
